01747nam a2200373 a 450000100100000000500170001000800410002702000150006804000130008308200170009610000230011324500420013626000620017830000340024049000200027450000730029450400410036765000390040865000460044765000190049365000400051265000380055265000290059065000420061965000260066183000260068704900090071395201290072295201440085195201290099595201140112495201200123899900150135800000832420250527115319.0090916s2003 dr a 001 0 spa d a8495193132 aDO-SdBNP a658.4bL961p1 aLuna, Nuris91323510aProceso administrativo /cNuris Luna. aSanto Domingo :bUniversidad Abierto Para Adultos,c2003. axvii, 265 p. :bil. ;c28 cm.1 aAutoaprendizaje aIncluye referencias bibliográficas y notas al pie de las páginas aIncluye bibliografías (p. 263-265) 4aAdministración de empresa922491 4aPlanificación de recursos humanos97604 4aLiderazgo9115 4aPlanificación estratégica92433 0aPlanificación empresarial91780 4aTrabajo en equipo921037 4aCominicación en los negocios922492 4aEmpoderamiento922493 0aAutoaprendizaje91208 aBNPD 001054708DSaGRbGRcCTd2009-09-16iLF1l0o658.4 L961pp8324-30r2020-06-25te. 3w2020-06-25yLFDSZPréstamo en sala 001054708DSaGRbBNPHUcCTd2009-09-16iLF1l5o658.4 L961pp8324-40r2023-12-27s2022-09-15te. 4w2020-06-25yLFDSZPréstamo en sala 001054708DSaGRbGRcCTd2010-02-16iLF1l0o658.4 L961pp8324-50r2020-06-25te. 5w2020-06-25yLFDSZPréstamo en sala 0010718PDaPDbPDcCTd2009-09-16iLF1l0o658.4 L961pp8324-10r2020-06-25w2020-06-25yLFPDZNo se presta 0010718PDaPDbPDcCTd2009-09-16iLF1l0o658.4 L961pp8324-20r2020-06-25te. 2w2020-06-25yLFPDZNo se presta c8095d8095